01091nam a22002891 45000010008000000030008000080050017000160080041000330100017000740200018000910400022001090500015001310820015001461000045001612450062002062600062002683000027003304900055003575000055004125040030004676500016004978300057005139060045005709420036006159520133006519990017007842167719OSt978920231122114232.0850506s1964 enka b 000 0 eng  a 64005561  a9789383692516 aDLC/ICUcICUdDLC00aQK533b.W300a588bWAT/S1 aWatson, E. Vernonq(Eric Vernon),d1914-14aThe structure and life of bryophytes /c[by] E.V. Watson. aLondon,aNew York,bHutchinson University Libraryc[1964] a211 p.billus.c20 cm.1 aHutchinson university library: Biological sciences aImprint covered by label: New York, Hillary House. aBibliography: p. 178-184. 0aBryophytes. 0aHutchinson university library.pBiological sciences. a7bcbccorignewdueocipf19gy-gencatlg 2ddccBKh588iWAT/Sk588mWAT/S 00102ddc40708BOTANYaMESbMEScBOTANYd2023-11-22l0o588 WAT/Sp43546r2023-11-22 11:43:06v1250.00w2023-11-22yBKzGL19R5 c43649d43649